000 01248nam a2200313 i 4500
003 EG-GICUC
005 20260314083706.0
008 260124s1983 ua |||fr|||| 00| 0 ara d
040 _a EG-GICUC
_bara
_c EG-GICUC
_d EG-GICUC
_erda
041 0 _aAra
082 0 4 _221
_a343.91
_bع ب . د
092 0 4 _221
099 _aLaw1 10 343.91 ع ب . د 1983
100 0 _aعبدالوهاب حومد
_eمؤلف.
245 1 0 _aدراسات معمقة فى الفقه الجنائى المقارن /
_cتأليف الدكتور عبدالوهاب حومد.
264 3 _a[مكان النشر غير محدد] :
_bشركة المطبعة العصرية ومكتباتها.
_c1983.
300 _a582 صفحة؛
_c24 سم.
_bإيضاحيات، صور، مثيليات ؛
336 _2rda content
_atext
337 _2rda media
_aComputer
338 _2rda carrier
_aOnline Resource
504 _a. 240-220 ببليوجرافيا: صفحات.
546 _aالنص باللغة العربية
650 1 _aالنظام الجنائى الإسلامى
_2qrmak
650 1 _aالقانون الجنائى
_2qrmak
651 1 _2qrmak
856 4 0 _uhttps://fll.law.cu.edu.eg/fulltext/bks/B10-08125.pdf
905 _a54
942 _2ddc
_cBK
_e21
_n0
999 _c58993
_d58993